000
00300nam a22001337a 4500
008
170526b xxu||||| |||| 00| 0 eng d
020
_a
0444274542
041
_a
eng
080
_a
62
100
_a
25
101
_a
25
245
_a
SYSTEM MODELLING AND SIMULATION
_c
TZAFESTAS.S
942
_2
udc
_c
BK
999
_c
14376
_d
14376